| 000 | 00519nam a2200205Ia 4500 | ||
|---|---|---|---|
| 003 | OSt | ||
| 005 | 20230511151329.0 | ||
| 008 | 210423s2012 xx 000 0 und d | ||
| 020 | _a9789350300725 | ||
| 040 | _cAL | ||
| 041 | _aeng | ||
| 082 |
_a576.163 SINS _223 |
||
| 100 |
_aSINHA (Satish Kumar);SHARMA (Ashok Kumar). _9103624 |
||
| 245 | _aFood microbiology. | ||
| 260 |
_aNew Delhi _bOxford & IBH _c2012 |
||
| 300 |
_avi,264 _bPB |
||
| 365 |
_b1895 _cINR |
||
| 906 | _aFood ; microbiology. | ||
| 942 |
_2ddc _cBK |
||
| 999 |
_c164666 _d164666 |
||